000 00289nam a22001337a 4500
008 180216b xxu||||| |||| 00| 0 eng d
020 _a9780071487955
041 _aeng
080 _a615
100 _a5
101 _aSHF
245 _aFirst Aid USMLE Step 2 CK
_cLe, T
942 _2udc
_cBK
999 _c42782
_d42782